Geografía de América por letra - P - Estadísticas

Estadísticas generales
  • Esta prueba ha sido intentada 1.965 veces
  • La puntuación promedio es 10 de 21
Estadísticas de respuestas
Pista Respuesta % Correcto
País de Machu Picchu Perú
100%
Uno de los dos países americanos sin litoral Paraguay
91%
Océano que limita con 13 países americanos Pacífico
83%
Nombre de la moneda en varios países americanos Peso
78%
Este país utiliza el dólar estadounidense como moneda oficial Panamá
73%
Capital de Haití Puerto Príncipe
68%
Accidente geográfico, p. ej., Yucatán o Baja California Península
63%
Isla cuya población se conoce como boricuas Puerto Rico
63%
Estado cuya ciudad más poblada es Filadelfia Pensilvania
60%
Región del extremo sur del Cono Sur Patagonia
59%
Capital de Surinam Paramaribo
51%
Segundo río más largo de Sudamérica Paraná
45%
Sistema de carreteras que se extiende por el continente Panamericana
39%
Glaciar más famoso de Argentina Perito Moreno
36%
Forma una zona metropolitana con Tlaxcala Puebla
26%
Ciudad de 1 millón de habitantes más austral de Brasil Porto Alegre
23%
Esta provincia es considerablemente la más pequeña de Canadá Isla del {Príncipe Eduardo}
21%
Esta ciudad muy austral se fundó como colonia penal para Chile Punta Arenas
14%
San Andrés, _________ y Santa Catalina Providencia
11%
La provincia de Quito Pichincha
7%
Lago boliviano que desapareció en 2015 y de nuevo en 2021 Poopó
6%
No se encontraron pruebas coincidentes
Distribución de puntuación
Porcentaje de gente con cada puntuación
Porcentaje por número respondido
Historial de tus puntuaciones
No has intentado esta prueba.